000 00280nam a2200121 i 4500
001 bg
245 0 _aVoprosy elektroniki tverdogo tela :
_bsbornik 4.
260 _aLeningrad,
_c1974.
040 _cBPK
041 _apol
942 _cKS
008 s pl f |000 0 pol
999 _c26393
_d26393
856 _uhttp://koha.tu.koszalin.pl/cgi-bin/koha/opac-detail.pl?biblionumber=26393
_yKatalog online BPK